000 00705nam a2200289Ia 4500
005 20260324141250.0
008 008 260324s9999 xx 000 0 eng d
020 _a9780203454473
037 _aEBOOK
040 _aCRL
040 _beng
040 _cCRL
041 _2eng
041 _aeng
084 _qCRL
100 _aJohn Loughran; Tom Russell
_91195487
245 0 _aTeaching about Teaching
245 0 _bPurpose, Passion and Pedagogy in Teacher Education
260 _bTaylor and Francis
260 _c1997
365 _a
365 _b300
856 _uhttp://www.taylorfrancis.com/books/9780203454473
942 _cEBOOK
999 _c1810455
_d1810455